000
00220nam a22000857a 4500
008
160914b xxu||||| |||| 00| 0 eng d
100
_9
472
_a
Sri.K
245
_a
English Grammer-6
260
_a
New Delhi
_b
J.B.I. Publications
_c
2011
999
_c
3129
_d
3129